Stolice najbliżej Paryża - Statystyki

Ogólne statystyki
  • Ten quiz został rozwiązany 502 razy
    447 od ostatniego zresetowania
  • Średni wynik to 11 z 15
Statystyki odpowiedzi
km stolice % Poprawnych
876 Berlin
97%
266 Bruksela
91%
427 Amsterdam
90%
343 Londyn
90%
288 Luksemburg
86%
1035 Wiedeń
83%
431 Berno
81%
789 Dublin
75%
1027 Kopenhaga
74%
705 Andora
73%
692 Monako
70%
882 Praga
69%
569 Vaduz
66%
947 San Marino
47%
963 Lublana
45%
Nie znaleziono quizów pasujących do podanych kryteriów
Rozkład punktacji
Procent ludzi z każdym wynikiem
Percentyl według liczby udzielonych odpowiedzi
Twoja historia wyników
Nie rozwiązałeś tego quizu od ostatniego zresetowania